Cloud Atlas

Dettagli Bibliografici
Autore principale: Mitchell D. David
Riassunto:"Облачный атлас" подобен зеркальному лабиринту, в котором перекликаются, наслаиваясь друг на друга, шесть голосов: нотариуса середины девятнадцатого века, возвращающегося в США из Австралии; молодого композитора, вынужденного торговать душой и телом в Европе между мировыми войнами; журналистки в Калифорнии 1970-х, раскрывающей корпоративный заговор; мелкого издателя — нашего современника, умудрившегося сорвать банк на бандитской автобиографии "Удар кастетом" и бегущего от кредиторов; клона-прислуги из предприятия быстрого питания в Корее — стране победившего киберпанка; и гавайского козопаса на закате цивилизации.
Lingua:inglese
Pubblicazione: London, Sceptre, 2004
Soggetti:
Natura: MixedMaterials Libro
KOHA link:https://koha.lib.tpu.ru/cgi-bin/koha/opac-detail.pl?biblionumber=208497

MARC

LEADER 00000nam0a2200000 4500
001 208497
005 20231101225452.0
010 |a 0340822775 
035 |a (RuTPU)RU\TPU\book\227657 
090 |a 208497 
100 |a 20120203d2004 m y0engy50 ba 
101 0 |a eng 
102 |a GB 
105 |a y z 000ay 
200 1 |a Cloud Atlas  |f D. Mitchell 
210 |a London  |c Sceptre  |d 2004 
215 |a 529 p. 
330 |a "Облачный атлас" подобен зеркальному лабиринту, в котором перекликаются, наслаиваясь друг на друга, шесть голосов: нотариуса середины девятнадцатого века, возвращающегося в США из Австралии; молодого композитора, вынужденного торговать душой и телом в Европе между мировыми войнами; журналистки в Калифорнии 1970-х, раскрывающей корпоративный заговор; мелкого издателя — нашего современника, умудрившегося сорвать банк на бандитской автобиографии "Удар кастетом" и бегущего от кредиторов; клона-прислуги из предприятия быстрого питания в Корее — стране победившего киберпанка; и гавайского козопаса на закате цивилизации. 
606 1 |a Английский язык  |x Учебные руководства и пособия  |x Хрестоматии, книги для чтения  |2 stltpush  |3 (RuTPU)RU\TPU\subj\29075  |9 52487 
610 1 |a английская литература 
610 1 |a проза 
610 1 |a романы 
610 1 |a психология 
610 1 |a аутентичные тексты 
686 |a Ш143.21-923.8  |v LBC/SL-A  |2 rubbk 
700 1 |a Mitchell  |b D.  |g David 
801 1 |a RU  |b 63413507  |c 20120203 
801 2 |a RU  |b 63413507  |c 20120208  |g RCR 
942 |c BK